| 000 | 01144cad a22002175a 4500 | ||
|---|---|---|---|
| 001 | L156641 | ||
| 008 | 120615s2012 xxk f 000 0 eng d | ||
| 035 | _a(Sirsi) u156641 | ||
| 041 | 0 | _aeng | |
| 110 | 2 |
_aUnited Kingdom _bDepartment of Energy and Climate Change _95850 |
|
| 245 | 0 | 0 |
_aFinal stage impact assessment for the Green Deal and Energy Company Obligation _h[electronic resource] |
| 260 |
_aLondon _bDECC _c2012 |
||
| 520 | _aFinal impact assessment evaluates the future contribution of the policies for the Green Deal and Energy Company Obligation. Includes the current situation in the energy efficiency market, the rationale for government intervention in the energy sector and the projections for energy saving measures in the absence of the Green Deal and ECO policies. | ||
| 590 | _aKA NTK | ||
| 651 | 4 |
_aEngland and Wales _y1543- |
|
| 651 | 4 | _aScotland | |
| 690 |
_aSustainability _96271 |
||
| 690 |
_aEnvironment _96238 |
||
| 856 | 4 | 0 |
_uhttps://www.decc.gov.uk/assets/decc/11/consultation/green-deal/5533-final-stage-impact-assessment-for-the-green-deal-a.pdf _zView the item free of charge at www.decc.gov.uk |
| 942 | _n0 | ||
| 999 |
_c114338 _d114338 |
||